000 00258nam a22000977a 4500
008 221104b |||||||| |||| 00| 0 eng d
020 _a9788175992948
100 _aHarisinghani Ajit
_97617
245 _aOne Life to Ride
260 _aNew Delhi
_bPrakash Books
_c2021
999 _c12131
_d12131